Harishchandra Mathur Rajasthan RAjya Lock Prashanshan Sansthan: Sankhsalik avom Keryathamah vivect (Record no. 477498)

000 -LEADER
fixed length control field 00479cam a22001217a 4500
008 - FIXED-LENGTH DATA ELEMENTS--GENERAL INFORMATION
fixed length control field 180718b1983 xxu||||| |||| 00| 0 eng d
082 ## - DEWEY DECIMAL CLASSIFICATION NUMBER
Classification number B3084x5434 Sa71 H
100 ## - MAIN ENTRY--PERSONAL NAME
Personal name Sarsawat, Radha
245 ## - TITLE STATEMENT
Title Harishchandra Mathur Rajasthan RAjya Lock Prashanshan Sansthan: Sankhsalik avom Keryathamah vivect
Statement of responsibility, etc. by Radha Sarsawat
260 ## - PUBLICATION, DISTRIBUTION, ETC.
Place of publication, distribution, etc. Jaipur
Name of publisher, distributor, etc. Lok Prashashan Vivhag, Rajasthan Vishvavidyalaya
Date of publication, distribution, etc. 1983
300 ## - PHYSICAL DESCRIPTION
Extent 170p.
650 ## - SUBJECT ADDED ENTRY--TOPICAL TERM
Topical term or geographic name entry element Public Administration - Research - India - Rajasthan
Holdings
Withdrawn status Lost status Damaged status Not for loan Permanent Location Current Location Date acquired Full call number Barcode Date last seen Price effective from Koha item type
        Indian Institute of Public Administration Indian Institute of Public Administration 2018-08-04 B3084x5434 Sa71 H GR12203 2018-08-04 2018-08-04 GR

Powered by Koha